The impact of emergency on the Indian economy (Record no. 369781)

000 -LEADER
fixed length control field 00431cam a22001337a 4500
008 - FIXED-LENGTH DATA ELEMENTS--GENERAL INFORMATION
fixed length control field 180718b1963 xxu||||| |||| 00| 0 eng d
082 ## - DEWEY DECIMAL CLASSIFICATION NUMBER
Classification number T19x54 K897i
100 ## - MAIN ENTRY--PERSONAL NAME
Personal name Krishnamurthy, M.S.
245 ## - TITLE STATEMENT
Title The impact of emergency on the Indian economy
Statement of responsibility, etc. by M.S. Krishnamurthy
260 ## - PUBLICATION, DISTRIBUTION, ETC.
Place of publication, distribution, etc. Madras
Name of publisher, distributor, etc. C. Nagish Chetty
Date of publication, distribution, etc. 1963
300 ## - PHYSICAL DESCRIPTION
Extent 138p.
650 ## - SUBJECT ADDED ENTRY--TOPICAL TERM
Topical term or geographic name entry element India - China War, 1962 - Economic Aspects
650 ## - SUBJECT ADDED ENTRY--TOPICAL TERM
Topical term or geographic name entry element India - Economic Conditions
Holdings
Withdrawn status Lost status Damaged status Not for loan Permanent Location Current Location Date acquired Full call number Barcode Date last seen Price effective from Koha item type
        Indian Institute of Public Administration Indian Institute of Public Administration 1994-06-02 T19x54 K897i 33573 2018-07-21 2018-07-21 Book

Powered by Koha